header

Paradise, death, and doomsday in Anglo-Saxon literature (Record no. 331)

MARC details
000 -LEADER
fixed length control field 01647nam a2200385 a 4500
082 04 - DEWEY DECIMAL CLASSIFICATION NUMBER
Classification number 829.09/38236
100 1# - MAIN ENTRY--AUTHOR NAME
Personal name Kabir, Ananya Jahanara,
245 10 - TITLE STATEMENT
Title Paradise, death, and doomsday in Anglo-Saxon literature
260 ## - PUBLICATION, DISTRIBUTION, ETC. (IMPRINT)
Place of publication Cambridge ;
-- New York :
Name of publisher Cambridge University Press,
Year of publication 2001.
300 ## - PHYSICAL DESCRIPTION
Number of Pages xi, 210 p.
490 1# - SERIES STATEMENT
Series statement Cambridge studies in Anglo-Saxon England ;
650 #0 - SUBJECT ADDED ENTRY--TOPICAL TERM
Topical Term English literature
Topical Term Paradise in literature.
Topical Term Christianity and literature
Topical Term Christian literature, English (Old)
Topical Term Judgment Day in literature.
Topical Term Anglo-Saxons
Topical Term Death in literature.
856 40 - ELECTRONIC LOCATION AND ACCESS
Uniform Resource Identifier http://site.ebrary.com/lib/rucke/Doc?id=10006801

No items available.

© 2026 Rongo University
Contact us: librarian | system librarian | Rongo university